000 00916nam a22002537a 4500
999 _c3977
_d3977
003 AR-CdUCM
008 190307b ||||| |||| 00| 0 spa d
040 _aMUNICIPALIDAD PROVINCIAL DEL CUSCO
_cBIBLIOTECA MUNICIPAL DEL CUSCO
041 _hita
082 _a942 /
_bM83
100 _aMorra, Umberto
_912713
245 _aInglaterra /
260 _aMéxico :
_bUTEHA,
_c1964.
300 _aV, 220 páginas ;
_bilustraciones, mapa plegable,
_c18 cm.
440 _aManuales Uteha.
_n169-169a
_912714
440 _aGeografía Sección.
_n9
_912715
505 _aContenido: El país de las rarezas -- In partes tres -- Inglaterra carece de geología -- Lo que la historia nos enseña -- La City -- Westminster ...
650 _aInglaterra
_91396
650 _aHistoria
_9136
650 _aRevolución industrial
_98890
700 _aHerrera Z., Tarsicio (traducción)
_912716
942 _2ddc
_cLIBROS
945 _aachl